00526cam a2200169ua 45000010005000000080039000050200018000440400009000620820011000711000020000822450110001022500009002122600057002213000023002786530014003016530041003152186110804n ii |||gr||||Z||||||eng a0-7069-9719-0 cMAIN a371.33 aAgarwal, J. C.,1 aEssentials of educational technology : bteaching learning innovations in education / cby J. C. Agarwal  a4th. aNew Delhi:bVikas publishing house pvt. ltd.,c2004. a463p:bill;c23cm. aEducation aEssentials of educational technology